The botany of Bihar and Orissa; (Record no. 69278)

MARC details
000 -LEADER
fixed length control field 00763cam a22002171 4500
001 - CONTROL NUMBER
control field sa 66004192
003 - CONTROL NUMBER IDENTIFIER
control field DLC
005 - DATE AND TIME OF LATEST TRANSACTION
control field 20260227112240.0
008 - FIXED-LENGTH DATA ELEMENTS--GENERAL INFORMATION
fixed length control field 790920s1961 ii 000 0 eng
010 ## - LIBRARY OF CONGRESS CONTROL NUMBER
LC control number sa 66004192
035 ## - SYSTEM CONTROL NUMBER
System control number (OCoLC)5391279
040 ## - CATALOGING SOURCE
Original cataloging agency DLC
Transcribing agency NcRS
Modifying agency DLC
042 ## - AUTHENTICATION CODE
Authentication code premarc
043 ## - GEOGRAPHIC AREA CODE
Geographic area code a-ii---
050 00 - LIBRARY OF CONGRESS CALL NUMBER
Classification number QK358
Item number .H3 1961
100 1# - MAIN ENTRY--PERSONAL NAME
Personal name Haines, Henry Haselfoot.
245 14 - TITLE STATEMENT
Title The botany of Bihar and Orissa;
Remainder of title an account of all the known indigenous plants of the province and of the most important or most commonly cultivated exotic ones,
Statement of responsibility, etc. with maps and introd., by H. H. Haines.
260 ## - PUBLICATION, DISTRIBUTION, ETC.
Place of publication, distribution, etc. Calcutta,
Name of publisher, distributor, etc. Botanical Survey of India
Date of publication, distribution, etc. [1961]
300 ## - PHYSICAL DESCRIPTION
Extent 3 v. (xvi, 1372 p.)
Dimensions 22 cm.
650 #0 - SUBJECT ADDED ENTRY--TOPICAL TERM
Topical term or geographic name entry element Botany
Geographic subdivision India
-- Bihar and Orissa.

No items available.

Powered by Koha